Profi-Sportler oder Fake - Sudden Death - Statistiken

Allgemein
  • Dieses Quiz wurde 139 mal gespielt
  • Das Durchschnittsergebnis liegt bei 3 aus 15
Answers on the Grid
Answers color-coded by a green-red scale on the quiz's grid according to % correct below.
Kool-Aid McKinstry
Javaris Jamar Javarison-Lamar
Jackmerius Tacktheratrix
Lil'Jordan Humphrey
He He Obama-Dix
Ha Ha Clinton-Dix
TeeHee To'hu
Hingle McCringleberry
Dick Trickle
Bismo Funyuns
Will Clapp
L'Carpetron Dookmarriot
Toaster Nsabata
Oven Mitz
Jack Hammer
Smélo Mélo
Danny Drinkwater
Dick Head
Danny Shittu
Miao Miao
Andi Arbeit
Hulk
India Pakistan
Chow Chow
Ebbe Sand
Mike Hunt
Homer Sexual
Coco Crisp
Sheik Yerbouti
Bekim Kastrati
 
Antwortstatistiken
Antwort % Korrekt
Fußball (Atlético Mineiro / ehemals Brasilianische Nationalmannschaft) Hulk
63%
Fußball (zuletzt Chelsea / Englische Nationalmannschaft) Danny Drinkwater
53%
Fußball (zuletzt Schalke 04 / Dänische Nationalmannschaft) Ebbe Sand
51%
American Football (Green Bay Packers) bzw. Baseball (zuletzt Seattle Rainiers) Mike Hunt
26%
American Football (Denver Broncos) Lil'Jordan Humphrey
20%
American Football (zuletzt Chicago Bears) Ha Ha Clinton-Dix
19%
Fußball (zuletzt FC Millwall / Nigerianische Nationalmannschaft) Danny Shittu
18%
American Football (New Orleans Saints) Will Clapp
18%
Fußball (zuletzt Wuppertaler SV / Albanische Nationalmannschaft) Bekim Kastrati
16%
Australian Football (zuletzt Glenelg Football Club) Dick Head
11%
American Football (New Orleans Saints) Kool-Aid McKinstry
11%
Tischtennis Miao Miao
7%
Baseball (zuletzt Cleveland Indians) Coco Crisp
4%
Fußball (Sekhukhune United / Sambische Nationalmannschaft) Toaster Nsabata
4%
NASCAR Dick Trickle
3%
Keine übereinstimmenden Quizze gefunden
Verteilung der Resultate
Anzahl Personen mit jedem Resultat
Perzentil nach korrekt beantworteten Fragen
Ihre Resultats-Entwicklung
Sie haben dieses Quiz noch nicht gespielt